Real change leaders : (Record no. 756)

000 -LEADER
fixed length control field 01382nam a22003977a 4500
001 - CONTROL NUMBER
control field 1144391
003 - CONTROL NUMBER IDENTIFIER
control field OSt
005 - DATE AND TIME OF LATEST TRANSACTION
control field 20210422051645.0
008 - FIXED-LENGTH DATA ELEMENTS--GENERAL INFORMATION
fixed length control field 950629s1995 nyu b 001 0 eng
010 ## - LIBRARY OF CONGRESS CONTROL NUMBER
LC control number 95034405
020 ## - INTERNATIONAL STANDARD BOOK NUMBER
International Standard Book Number 0812926269 (hard cover)
040 ## - CATALOGING SOURCE
Original cataloging agency DLC
Transcribing agency DLC
Modifying agency DLC
050 00 - LIBRARY OF CONGRESS CALL NUMBER
Classification number HD38.2
Item number .K39 1995
080 ## - UNIVERSAL DECIMAL CLASSIFICATION NUMBER
Universal Decimal Classification number 005
Item number K-23
082 00 - DEWEY DECIMAL CLASSIFICATION NUMBER
Classification number 658.4/092
Edition number 20
100 1# - MAIN ENTRY--PERSONAL NAME
Personal name Katzenbach, Jon R.,
Dates associated with a name 1932-
245 10 - TITLE STATEMENT
Title Real change leaders :
Remainder of title how you can create growth and high performance at your company /
Statement of responsibility, etc. Jon R. Katzenbach and the RCL Team, Frederick Beckett ... [et al.].
250 ## - EDITION STATEMENT
Edition statement 1st ed.
260 ## - PUBLICATION, DISTRIBUTION, ETC.
Place of publication, distribution, etc. New York :
Name of publisher, distributor, etc. Times Business,
Date of publication, distribution, etc. c1995.
300 ## - PHYSICAL DESCRIPTION
Extent ix, 357 p. ;
Dimensions 24 cm.
504 ## - BIBLIOGRAPHY, ETC. NOTE
Bibliography, etc. note Includes bibliographical references and index.
650 #0 - SUBJECT ADDED ENTRY--TOPICAL TERM
Topical term or geographic name entry element Executive ability.
650 #0 - SUBJECT ADDED ENTRY--TOPICAL TERM
Topical term or geographic name entry element Leadership.
650 #0 - SUBJECT ADDED ENTRY--TOPICAL TERM
Topical term or geographic name entry element Middle managers.
650 #0 - SUBJECT ADDED ENTRY--TOPICAL TERM
Topical term or geographic name entry element Management.
653 ## - INDEX TERM--UNCONTROLLED
Uncontrolled term მენეჯმენტი
700 1# - ADDED ENTRY--PERSONAL NAME
Personal name Beckett, Frederick.
700 ## - ADDED ENTRY--PERSONAL NAME
Personal name Ling,Timothy
9 (RLIN) 583
700 ## - ADDED ENTRY--PERSONAL NAME
Personal name Gagnon,Christopher
9 (RLIN) 581
700 ## - ADDED ENTRY--PERSONAL NAME
Personal name Feigen, Marc
9 (RLIN) 579
700 ## - ADDED ENTRY--PERSONAL NAME
Personal name Dichter, Steven
9 (RLIN) 578
856 42 - ELECTRONIC LOCATION AND ACCESS
Materials specified Publisher description
Uniform Resource Identifier <a href="http://www.loc.gov/catdir/description/random0411/95034405.html">http://www.loc.gov/catdir/description/random0411/95034405.html</a>
906 ## - LOCAL DATA ELEMENT F, LDF (RLIN)
a 7
b cbc
c orignew
d 1
e ocip
f 19
g y-gencatlg
942 ## - ADDED ENTRY ELEMENTS (KOHA)
Source of classification or shelving scheme
Koha item type Books
Holdings
Withdrawn status Lost status Source of classification or shelving scheme Damaged status Not for loan Permanent location Current location Date acquired Inventory number Total Checkouts Full call number Barcode Date last seen Price effective from Koha item type
          Ken Walker International University Ken Walker International University 12/21/2020 2200   005 K-23 2200 12/21/2020 12/21/2020 Books

Powered by Koha